00658nam a2200229Ia 4500003000400000005001700004008004100021020001500062040001800077041000800095082001800103100002300121245007300144250001200217260004900229300003000278650002800308650002400336650002700360650002200387700001900409OSt20240515094728.0210716s2001 xx 000 0 und d a8120311310 cAIMIT LIBRARY aeng a005.73 bBRAG aBrassard, Gilles;  aFundamentals of algorithmics /cby Gilles Brassard and Paul Bratley. a1st ed. aNew Delhi :bPrentice Hall of India ,c2001. axix,524 p.;bPBc24.3 cm. aElementary algorithmics aAsymptotic notation aAnalysis of algorithms aGreedy algorithms aBratley, Paul.